000 01185nam0a22002771 4500
001 rc\4213399
005 20260406104723.0
021 _aRU
_b[53-35848]
035 _a(NLR Aleph) 008210420
090 _a8093245
_c8093245
100 _a20130415d1953 |||y0rusy50 ca
101 0 _arus
102 _aRU
105 _aa z |||||
200 1 _aФурацилин и опыт его применения
_e[Сборник статей
_fРед. коллегия: действ. чл. АН Латв. ССР проф. д.-р. А.И. Калниньш и др.]
_gАкад. наук Латв. ССР
210 _aРига
_cИзд-во Акад. наук Латв. ССР
_d1953
215 _a312 с., 1 л. табл.
_cил.
_d23
320 _aЛитература о нитрофуранах: с. 307-309 (66 назв.) и библиогр. в конце статей
606 _aФурацилин
_jСборники
_2psbo
702 1 _aКалниньш
_bА.Я.
_gАронд Янович
_4340
712 0 2 _aАН ЛатвССР
_cРига
_3RU\NLR\AUTH\883473
_9278233
801 0 _aRU
_bNLR
_gpsbo
801 1 _aRU
_bELAR
_2rusmarc
852 _aNLR
_jМд16 Г-5/54
942 _cBOOK
980 _aNB